[Event "IX Floripa Chess Open Fort Atacadista"]
[Site "Florianópolis - Santa Catari"]
[Date "2023.01.24"]
[Round "2.22"]
[White "Rodi, Luis Ernesto"]
[Black "Cruz, Natan Gomes"]
[Result "1-0"]
[WhiteElo "2295"]
[BlackElo "1891"]
[PlyCount "61"]
[EventDate "2023.01.23"]
[EventRounds "10"]
[EventCountry "BRA"]

1. e4 c6 2. d4 d5 3. e5 Bf5 4. Nf3 e6 5. Be2 h6 6. O-O Nd7 7. Nbd2 Ne7 8. Nb3
a5 9. a4 Bh7 10. Bd2 g5 11. Ne1 Nf5 12. Nd3 Be7 13. Qe1 b6 14. f4 Rg8 15. Rc1
gxf4 16. Nxf4 Bh4 17. Qd1 Bg5 18. Bd3 Bxf4 19. Bxf4 Qh4 20. Qf3 Bg6 21. c4 h5
22. cxd5 cxd5 23. Bb5 Qd8 24. Qf2 Nh4 25. Rc3 Bf5 26. g3 Rc8 27. Rfc1 Rxc3 28.
Rxc3 Ng6 29. Qd2 Nxf4 30. Qxf4 Qa8 31. Rc7 1-0

[Event "IX Floripa Chess Open Fort Atacadista"]
[Site "Florianópolis - Santa Catari"]
[Date "2023.01.24"]
[Round "2.23"]
[White "Passos, Rafael Moreira"]
[Black "Marra, Eduardo Da Costa"]
[Result "1-0"]
[WhiteElo "1891"]
[BlackElo "2275"]
[PlyCount "143"]
[EventDate "2023.01.23"]
[EventRounds "10"]
[EventCountry "BRA"]

1. e4 c5 2. Nf3 e6 3. d3 Nc6 4. g3 Nge7 5. Bg2 d5 6. Qe2 g6 7. O-O Bg7 8. c3
O-O 9. e5 b5 10. Bf4 b4 11. c4 Nf5 12. Nbd2 Bb7 13. Rfe1 Qd7 14. Nb3 Ncd4 15.
Nfxd4 Nxd4 16. Nxd4 cxd4 17. cxd5 Bxd5 18. Bxd5 Qxd5 19. Qe4 Rfd8 20. Qxd5 Rxd5
21. Rac1 Ra5 22. Rc4 Rb8 23. Rxd4 Rxa2 24. Rb1 h6 25. h4 g5 26. hxg5 hxg5 27.
Bxg5 Bxe5 28. Rg4 f5 29. Rc4 Bxb2 30. Rc2 Bf6 31. Rxa2 Bxg5 32. Rxa7 b3 33. Kf1
b2 34. Ke2 Bc1 35. Rc7 Ra8 36. Rbxc1 bxc1=Q 37. Rxc1 Kf7 38. Ke3 Kf6 39. f3 Ra4
40. Rc4 Ra1 41. g4 fxg4 42. fxg4 Rg1 43. Re4 Ra1 44. d4 Rg1 45. Kd3 Rd1+ 46.
Kc4 Rc1+ 47. Kb5 Rc2 48. g5+ Kf7 49. Re5 Rc1 50. Rc5 Re1 51. Kc4 Re3 52. Rb5
Kg6 53. Ra5 Rg3 54. Re5 Kf7 55. Kc5 Ra3 56. g6+ Kf6 57. g7 Ra8 58. Re4 Rg8 59.
Kd6 Rd8+ 60. Kc7 Rg8 61. Rf4+ Ke7 62. Rg4 Kf7 63. Kd7 Kf6 64. Rf4+ Kg5 65. Rf7
Kg6 66. Kxe6 Ra8 67. Rc7 Rd8 68. d5 Re8+ 69. Kd6 Ra8 70. Ke6 Re8+ 71. Re7 Ra8
72. d6 1-0

[Event "IX Floripa Chess Open Fort Atacadista"]
[Site "Florianópolis - Santa Catari"]
[Date "2023.01.24"]
[Round "2.24"]
[White "Coro, Lucas"]
[Black "De Freitas, Isabella Ribeiro Co"]
[Result "1-0"]
[WhiteElo "2272"]
[BlackElo "1886"]
[PlyCount "107"]
[EventDate "2023.01.23"]
[EventRounds "10"]
[EventCountry "BRA"]

1. e4 c5 2. Nf3 e6 3. d4 cxd4 4. Nxd4 a6 5. c4 Qc7 6. a3 Nf6 7. Nc3 Nxe4 8.
Nxe4 Qe5 9. Bd3 Qxd4 10. O-O f5 11. Ng5 Nc6 12. Qc2 Be7 13. Nf3 Qb6 14. Be3 Qc7
15. c5 f4 16. Bd2 Ne5 17. Nxe5 Qxe5 18. Bxh7 Bxc5 19. Qg6+ Kd8 20. Rac1 b6 21.
Bc3 Bd4 22. Rfe1 Qf6 23. Bxd4 Qxd4 24. Qc2 Ke7 25. Rcd1 Qc5 26. Qg6 Rf8 27.
Qxg7+ Rf7 28. Qg6 Rf6 29. Qe4 Rb8 30. Rc1 Qg5 31. Qb4+ Kf7 32. Qd6 Bb7 33.
Qxd7+ Kf8 34. Be4 f3 35. g3 Bxe4 36. Qd6+ Kg7 37. Qc7+ Rf7 38. Qxb8 Qf5 39. Kh1
b5 40. Qd8 Qh3 41. Qd4+ Kh6 42. Rg1 Qf5 43. Rce1 Bd5 44. Re5 Qf6 45. Qe3+ Kg7
46. Rc1 Qd8 47. Rh5 Qf6 48. h4 Rd7 49. Rg5+ Kf7 50. Qd3 Ke7 51. Re1 Qxb2 52.
Rxd5 Rxd5 53. Qxd5 Qxf2 54. Rxe6+ 1-0

[Event "IX Floripa Chess Open Fort Atacadista"]
[Site "Florianópolis - Santa Catari"]
[Date "2023.01.24"]
[Round "2.25"]
[White "Kazuhiro Shikasho, Erik"]
[Black "Milat, Marcel"]
[Result "1/2-1/2"]
[WhiteElo "1886"]
[BlackElo "2271"]
[PlyCount "110"]
[EventDate "2023.01.23"]
[EventRounds "10"]
[EventCountry "BRA"]

1. e4 Nf6 2. e5 Nd5 3. d4 d6 4. Nf3 Nb6 5. Be2 g6 6. Be3 Bg7 7. h4 Nd5 8. Bg5
h6 9. Bc1 Bg4 10. c4 Nb6 11. exd6 cxd6 12. Be3 Nc6 13. Nbd2 d5 14. b3 Qd7 15.
Rc1 Rd8 16. c5 Nc8 17. a3 e6 18. b4 a6 19. Qb3 e5 20. dxe5 d4 21. Bf4 Qf5 22.
Bg3 d3 23. Bd1 Nxe5 24. Nxe5 Bxe5 25. Bxg4 Qxg4 26. O-O Bxg3 27. Rce1+ Kf8 28.
fxg3 Qd7 29. Re6 Kg7 30. Ref6 Qd4+ 31. Kh2 Qxf6 32. Rxf6 Kxf6 33. Qc3+ Ke6 34.
Qc4+ Ke7 35. Qe4+ Kf8 36. Qxb7 Kg7 37. Qxa6 Rhe8 38. c6 Re7 39. Qc4 Re2 40. c7
Rd7 41. Qc6 Ree7 42. Qc3+ f6 43. h5 gxh5 44. b5 Rxc7 45. Qxd3 Red7 46. Qe3 Rc2
47. Ne4 Rc4 48. Qf3 Rf7 49. b6 f5 50. b7 Rxb7 51. Qxf5 Rb6 52. Qd7+ Kf8 53.
Qf5+ Kg7 54. Qd7+ Kf8 55. Qf5+ Kg7 1/2-1/2

[Event "IX Floripa Chess Open Fort Atacadista"]
[Site "Florianópolis - Santa Catari"]
[Date "2023.01.24"]
[Round "2.26"]
[White "Villalba, Marcelo"]
[Black "Medeiros, Thauane Ferreira"]
[Result "1-0"]
[WhiteElo "2269"]
[BlackElo "1883"]
[PlyCount "89"]
[EventDate "2023.01.23"]
[EventRounds "10"]
[EventCountry "BRA"]

1. d4 d5 2. c4 e6 3. Nc3 Nf6 4. Bg5 Be7 5. e3 O-O 6. cxd5 exd5 7. Bd3 h6 8. Bf4
Re8 9. Nf3 c6 10. O-O Bd6 11. Bg3 Qe7 12. Qc2 Nbd7 13. Rab1 a5 14. a3 Ne4 15.
Bxe4 dxe4 16. Nxe4 Bxa3 17. bxa3 Qxe4 18. Qxe4 Rxe4 19. Nd2 Re6 20. Rfc1 Ra6
21. Nc4 b5 22. Nd6 Rxd6 23. Bxd6 Nf6 24. Be5 Bf5 25. Rb2 Nd5 26. Bd6 g5 27. Kf1
Bd3+ 28. Ke1 g4 29. h3 h5 30. hxg4 hxg4 31. Kd2 Bg6 32. Bc5 f5 33. f3 Kg7 34.
Bd6 Kf6 35. Rbc2 Be8 36. Kd3 Ke6 37. Bc5 Ra8 38. Rh1 Bg6 39. Rh6 Kf7 40. Bd6
Rc8 41. e4 fxe4+ 42. fxe4 Nf6 43. Re2 Re8 44. Be5 Nd7 45. Rf2+ 1-0

[Event "IX Floripa Chess Open Fort Atacadista"]
[Site "Florianópolis - Santa Catari"]
[Date "2023.01.24"]
[Round "2.27"]
[White "Silva, Janderson Rossi Da"]
[Black "Tomiello, Lucas Costamilan"]
[Result "0-1"]
[WhiteElo "1883"]
[BlackElo "2263"]
[PlyCount "62"]
[EventDate "2023.01.23"]
[EventRounds "10"]
[EventCountry "BRA"]

1. e4 c5 2. c3 d5 3. exd5 Qxd5 4. d4 Nf6 5. Nf3 cxd4 6. cxd4 g6 7. Nc3 Qd8 8.
Bc4 Bg7 9. O-O O-O 10. h3 Nbd7 11. Bf4 Nb6 12. Bb3 Nbd5 13. Be5 b6 14. Nxd5
Nxd5 15. Bxg7 Kxg7 16. Qe2 Bb7 17. Rac1 e6 18. Qe5+ Kg8 19. Ng5 Qb8 20. Ne4
Qxe5 21. dxe5 Nf4 22. Nf6+ Kg7 23. Rc7 Bxg2 24. Rd1 Bf3 25. Rdd7 Nxh3+ 26. Kh2
Ng5 27. Rxa7 Rxa7 28. Rxa7 Ra8 29. Rd7 Ra5 30. Rd6 Rxe5 31. Nd7 Re4 0-1

[Event "IX Floripa Chess Open Fort Atacadista"]
[Site "Florianópolis - Santa Catari"]
[Date "2023.01.24"]
[Round "2.28"]
[White "Cominato Neto, Jose Luis"]
[Black "Rosa, Gabriel Redon"]
[Result "1-0"]
[WhiteElo "2260"]
[BlackElo "1883"]
[PlyCount "171"]
[EventDate "2023.01.23"]
[EventRounds "10"]
[EventCountry "BRA"]

1. e4 c5 2. Nf3 Nc6 3. Bb5 e6 4. Bxc6 bxc6 5. b3 Ne7 6. Bb2 Ng6 7. h4 h5 8. e5
Be7 9. Nc3 c4 10. Ne4 c5 11. Nd6+ Bxd6 12. exd6 f6 13. Qe2 Bb7 14. Qxc4 Qb6 15.
O-O-O Qxd6 16. d4 Rc8 17. dxc5 Qf4+ 18. Nd2 O-O 19. f3 Bd5 20. Qd4 Qxd4 21.
Bxd4 Nf4 22. Ne4 Bxe4 23. fxe4 Rf7 24. Rd2 e5 25. Be3 Ne6 26. Rhd1 Rc7 27. Rd6
Nd8 28. b4 Kf8 29. Ra6 Ne6 30. g3 f5 31. Rxe6 dxe6 32. Rd8+ Ke7 33. Bg5+ Rf6
34. Rd3 fxe4 35. Re3 Kd7 36. Bxf6 gxf6 37. Rxe4 Kc6 38. Re3 Kb5 39. a3 a5 40.
c3 Rg7 41. Kc2 a4 42. Kd3 Rg4 43. Kd2 e4 44. c4+ Kxc4 45. Rc3+ Kb5 46. c6 Rg8
47. c7 Rc8 48. Rc5+ Kb6 49. Rxh5 Rxc7 50. Ra5 Rg7 51. Rxa4 Rxg3 52. Ra8 f5 53.
a4 f4 54. Re8 Rg2+ 55. Ke1 Rg6 56. Rf8 e5 57. Re8 e3 58. Rxe5 Rg1+ 59. Ke2 Rg2+
60. Kd3 Rd2+ 61. Ke4 Rf2 62. Kd3 Rd2+ 63. Ke4 Rf2 64. Re6+ Kb7 65. Kd3 Rd2+ 66.
Ke4 Rf2 67. Kd3 Rd2+ 68. Ke4 Rf2 69. h5 e2 70. Kd3 f3 71. h6 Rf1 72. h7 Rd1+
73. Kc4 Rh1 74. Kd3 f2 75. h8=Q Rxh8 76. Kxe2 Rf8 77. Re7+ Kc6 78. Kf1 Rf4 79.
b5+ Kd6 80. Ra7 Kc5 81. Rc7+ Kb6 82. Rc6+ Kb7 83. a5 Rf7 84. a6+ Ka7 85. Re6
Ka8 86. b6 1-0

[Event "IX Floripa Chess Open Fort Atacadista"]
[Site "Florianópolis - Santa Catari"]
[Date "2023.01.24"]
[Round "2.29"]
[White "Marques, Eudes Pinto"]
[Black "Ribeiro, Matheus Mendes Domi"]
[Result "1/2-1/2"]
[WhiteElo "1882"]
[BlackElo "2250"]
[PlyCount "130"]
[EventDate "2023.01.23"]
[EventRounds "10"]
[EventCountry "BRA"]

1. c4 e6 2. Nf3 d5 3. e3 Nf6 4. b3 c5 5. Bb2 Nc6 6. g3 d4 7. Bg2 e5 8. exd4
exd4 9. O-O Be7 10. d3 O-O 11. Nbd2 Bf5 12. Ne1 Qd7 13. Ne4 Nxe4 14. dxe4 Bh3
15. Nd3 Bxg2 16. Kxg2 a5 17. a4 Nb4 18. Nxb4 axb4 19. Qd3 f5 20. exf5 Qxf5 21.
Qxf5 Rxf5 22. Rae1 Kf7 23. f4 Rd8 24. Re2 d3 25. Rd2 g5 26. Rf3 gxf4 27. Rdxd3
Rxd3 28. Rxd3 fxg3 29. hxg3 Ke6 30. Re3+ Kd7 31. Rf3 Ke6 32. Re3+ Kf7 33. g4
Rg5 34. Kf3 Rg8 35. Re5 Rd8 36. Rf5+ Kg6 37. Re5 Bg5 38. Ke4 Rd1 39. Rxc5 Rg1
40. Be5 Rxg4+ 41. Kf3 Rg1 42. Rb5 Re1 43. Bd4 Re7 44. Rxb4 Rf7+ 45. Kg2 Rd7 46.
Bf2 Kf5 47. c5 Bf4 48. Rc4 Rd3 49. Kf1 Rd1+ 50. Ke2 Rd2+ 51. Kf1 Ra2 52. Rb4 h5
53. Rxb7 Kg4 54. Kg2 h4 55. Rg7+ Bg5 56. Rh7 Be3 57. Rxh4+ Kg5 58. Rc4 Rxf2+
59. Kg3 Rf8 60. c6 Bf2+ 61. Kg2 Bb6 62. b4 Bc7 63. b5 Ra8 64. Kf3 Kf5 65. Rd4
Ke6 1/2-1/2

[Event "IX Floripa Chess Open Fort Atacadista"]
[Site "Florianópolis - Santa Catari"]
[Date "2023.01.24"]
[Round "2.30"]
[White "Gattass, Allan"]
[Black "Souza, Atahander"]
[Result "1-0"]
[WhiteElo "2246"]
[BlackElo "1882"]
[PlyCount "35"]
[EventDate "2023.01.23"]
[EventRounds "10"]
[EventCountry "BRA"]

1. c4 b6 2. d4 e6 3. e4 Bb7 4. d5 Bc5 5. Bd3 Qe7 6. Ne2 Nf6 7. O-O O-O 8. Nbc3
h6 9. Rb1 c6 10. Bc2 e5 11. Ng3 Ne8 12. Nf5 Qf6 13. b4 Be7 14. f4 Nd6 15. Qd3
Nxf5 16. fxe5 Qxe5 17. Rxf5 Qc7 18. e5 1-0

[Event "IX Floripa Chess Open Fort Atacadista"]
[Site "Florianópolis - Santa Catari"]
[Date "2023.01.24"]
[Round "2.31"]
[White "Karoly, Carlos Acacio Gomes"]
[Black "Terao, Juliana Sayumi"]
[Result "0-1"]
[WhiteElo "1877"]
[BlackElo "2243"]
[PlyCount "100"]
[EventDate "2023.01.23"]
[EventRounds "10"]
[EventCountry "BRA"]

1. Nf3 Nf6 2. g3 d5 3. b3 c5 4. Bb2 Nc6 5. Bg2 Bf5 6. d3 h6 7. Nbd2 e6 8. O-O
Bh7 9. Re1 Be7 10. a3 O-O 11. h3 Qc7 12. Rc1 Rad8 13. Nh2 e5 14. e4 dxe4 15.
Nxe4 Nd5 16. Nc3 Nxc3 17. Bxc3 Nd4 18. Ng4 Bg5 19. Ra1 e4 20. h4 Be7 21. dxe4
h5 22. Ne3 Nb5 23. Bd2 Nc3 24. Qc1 Nxe4 25. Bxe4 Bxe4 26. Bc3 b5 27. Qb2 f6 28.
Rad1 Rxd1 29. Rxd1 Rd8 30. Qc1 Bb7 31. Rxd8+ Qxd8 32. Qe1 Qc8 33. Qe2 Bf8 34.
f3 f5 35. Kf2 f4 36. gxf4 Qd7 37. Qf1 Be7 38. Qg2 Bxh4+ 39. Ke2 Bd8 40. Nf5
Qe6+ 41. Be5 g6 42. Nd6 Bc6 43. Qg1 Bb6 44. c4 bxc4 45. bxc4 Kh7 46. Qg5 Bc7
47. Ne4 Bxe5 48. fxe5 Bxe4 49. fxe4 Qxc4+ 50. Kf3 Qf1+ 0-1

[Event "IX Floripa Chess Open Fort Atacadista"]
[Site "Florianópolis - Santa Catari"]
[Date "2023.01.24"]
[Round "2.33"]
[White "Martins De Aguiar, Marina"]
[Black "Caetano, Ryan Wesley Da Cost"]
[Result "0-1"]
[WhiteElo "1873"]
[BlackElo "2240"]
[PlyCount "100"]
[EventDate "2023.01.23"]
[EventRounds "10"]
[EventCountry "BRA"]

1. e4 c5 2. Nf3 d6 3. d4 cxd4 4. Nxd4 Nf6 5. Nc3 a6 6. Be3 e5 7. Nb3 Be6 8. f3
Be7 9. Qd2 O-O 10. O-O-O a5 11. Kb1 a4 12. Nc1 a3 13. b3 Ra5 14. g4 Nbd7 15. g5
Nh5 16. N1e2 g6 17. Ng3 Nf4 18. h4 d5 19. exd5 Nxd5 20. Nxd5 Rxd5 21. Qc1 Rxd1
22. Qxd1 Nc5 23. Bg2 Qc7 24. h5 Na4 25. Ne4 Nc3+ 26. Nxc3 Qxc3 27. Bc1 Rc8 28.
Bh3 Bxh3 29. Rxh3 Rd8 30. Qe2 Bxg5 31. f4 Qxh3 32. fxg5 Qc3 33. h6 Qd4 34. Qb5
Qd5 35. Qb6 Rd6 36. Qc7 Rd7 37. Qb8+ Rd8 38. Qc7 Re8 39. Bxa3 Qc6 40. Qa5 b6
41. Qe1 f5 42. gxf6 Qxf6 43. Bb2 g5 44. Qh1 g4 45. Qd5+ Qe6 46. Qb7 Qf7 47.
Qxb6 g3 48. Qg1 Qf2 49. Qh1 g2 50. Qh5 g1=Q+ 0-1

[Event "IX Floripa Chess Open Fort Atacadista"]
[Site "Florianópolis - Santa Catari"]
[Date "2023.01.24"]
[Round "2.34"]
[White "Pires, Marcos Vinicius Tor"]
[Black "Valcarcel, Victor Ignacio Dos "]
[Result "1-0"]
[WhiteElo "2238"]
[BlackElo "1873"]
[PlyCount "119"]
[EventDate "2023.01.23"]
[EventRounds "10"]
[EventCountry "BRA"]

1. Nf3 Nf6 2. c4 g6 3. g3 Bg7 4. Bg2 O-O 5. O-O d6 6. d4 Nbd7 7. Nc3 e5 8. e4
Qe7 9. Re1 Nb6 10. b3 Bg4 11. d5 Qd7 12. Be3 Nxe4 13. Nxe4 f5 14. Qc2 fxe4 15.
Nd2 Rf3 16. Nxe4 Qf5 17. Rac1 Rf8 18. c5 Nxd5 19. Qc4 c6 20. cxd6 Kh8 21. Bxa7
Bh6 22. Rcd1 Ra8 23. Qc5 Re3 24. fxe3 Bxd1 25. Rxd1 Bxe3+ 26. Qxe3 Nxe3 27.
Bxe3 Rd8 28. Rf1 Qg4 29. Bf3 Qd7 30. Bg5 Rf8 31. Be7 Rf7 32. Nc5 Qe8 33. Bg2
Rxe7 34. dxe7 Qxe7 35. Ne4 Qa3 36. Rf2 Kg7 37. h4 Qc1+ 38. Kh2 b5 39. Rd2 h6
40. Rd7+ Kg8 41. Rc7 Qc2 42. Nf6+ Kf8 43. Rxc6 Qxa2 44. Nd7+ Kg7 45. Nxe5 Qxb3
46. Rxg6+ Kh7 47. Rb6 Qb2 48. Rb7+ Kg8 49. Nd3 Qd4 50. Nf4 Qb2 51. Kh3 Qb1 52.
Nd5 Kf8 53. Nc3 Qb3 54. Nxb5 h5 55. Kh2 Qa2 56. Nc3 Qc2 57. Nd5 Qe2 58. Nf4 Qd1
59. Ng6+ Kg8 60. Bd5+ 1-0

[Event "IX Floripa Chess Open Fort Atacadista"]
[Site "Florianópolis - Santa Catari"]
[Date "2023.01.24"]
[Round "2.35"]
[White "Marques Junior, Marcos Antonio"]
[Black "Labussiere, Yago"]
[Result "0-1"]
[WhiteElo "1870"]
[BlackElo "2227"]
[PlyCount "78"]
[EventDate "2023.01.23"]
[EventRounds "10"]
[EventCountry "BRA"]

1. Nf3 Nf6 2. e3 g6 3. b4 Bg7 4. Bb2 O-O 5. c4 d6 6. d4 Nbd7 7. Be2 e5 8. O-O
Qe7 9. Nc3 Re8 10. Qc2 c6 11. b5 e4 12. Nd2 c5 13. Nb3 Nf8 14. a4 Bf5 15. Rfd1
N8d7 16. a5 h5 17. Rd2 h4 18. h3 Rac8 19. Qd1 Be6 20. Rc1 Kh7 21. Ba3 b6 22.
Na4 Bf8 23. dxc5 dxc5 24. Nd4 Qd6 25. Nc3 Qc7 26. Nxe6 Rxe6 27. Bg4 Rd6 28.
Rxd6 Bxd6 29. Nd5 Nxd5 30. Qxd5 f5 31. Qf7+ Kh6 32. Bxf5 gxf5 33. Qe6+ Kg5 34.
Rd1 Bh2+ 35. Kh1 Nf8 36. Qd5 Ng6 37. f4+ exf3 38. e4 fxg2+ 39. Kxg2 Nf4+ 0-1

[Event "IX Floripa Chess Open Fort Atacadista"]
[Site "Florianópolis - Santa Catari"]
[Date "2023.01.24"]
[Round "2.36"]
[White "De Souza, Regis Gabetta"]
[Black "De Souza Monteiro, Marcos Paulo"]
[Result "1-0"]
[WhiteElo "2221"]
[BlackElo "1869"]
[PlyCount "127"]
[EventDate "2023.01.23"]
[EventRounds "10"]
[EventCountry "BRA"]

1. d4 d5 2. c4 c6 3. Nf3 Nf6 4. Qc2 e6 5. Bg5 Qa5+ 6. Bd2 Bb4 7. a3 Bxd2+ 8.
Nbxd2 dxc4 9. Qxc4 O-O 10. Qc2 Nbd7 11. b4 Qd8 12. Nc4 Nb6 13. e4 Nxc4 14. Bxc4
a5 15. O-O axb4 16. axb4 Rxa1 17. Rxa1 Qb6 18. Rb1 Bd7 19. e5 Nd5 20. Ng5 g6
21. Qd2 f6 22. Ne4 fxe5 23. dxe5 Qc7 24. Bxd5 Qxe5 25. Nc5 exd5 26. Re1 Qf5 27.
Nxb7 Qf6 28. Nc5 Bc8 29. h3 Qf4 30. Qxf4 Rxf4 31. g3 Rf8 32. Kg2 Kf7 33. Ra1
Re8 34. Nb3 Re4 35. Ra7+ Re7 36. Ra8 Bb7 37. Rb8 Ba6 38. Nd4 Rc7 39. Rb6 Bb7
40. Nb3 Bc8 41. h4 Ke7 42. Nc5 Kd6 43. Rb8 Ke5 44. f3 Kd4 45. Kf2 Kc3 46. g4 d4
47. Ne4+ Kc2 48. b5 cxb5 49. Rxb5 d3 50. Ra5 Be6 51. Ke3 d2 52. Nxd2 Rc3+ 53.
Ke2 Rd3 54. Rc5+ Rc3 55. Rxc3+ Kxc3 56. Ke3 h5 57. g5 Bf5 58. Ne4+ Kb4 59. Kd4
Kb3 60. Nd6 Bb1 61. f4 Kc2 62. f5 gxf5 63. g6 Ba2 64. Nc4 1-0

[Event "IX Floripa Chess Open Fort Atacadista"]
[Site "Florianópolis - Santa Catari"]
[Date "2023.01.24"]
[Round "2.37"]
[White "Correa, Joao Pedro Vieira"]
[Black "Gauche, Charles"]
[Result "0-1"]
[WhiteElo "1865"]
[BlackElo "2211"]
[PlyCount "70"]
[EventDate "2023.01.23"]
[EventRounds "10"]
[EventCountry "BRA"]

1. e4 e5 2. Nf3 Nf6 3. Nxe5 d6 4. Nf3 Nxe4 5. d4 d5 6. Bd3 Be7 7. O-O O-O 8. c4
c6 9. Qc2 Nf6 10. b3 Bg4 11. Nbd2 Na6 12. a3 Nc7 13. Bb2 Ne6 14. g3 Re8 15. Bf5
Bxf5 16. Qxf5 g6 17. Qd3 Bf8 18. c5 Bg7 19. Rae1 Ne4 20. b4 Nxd2 21. Qxd2 a5
22. Bc3 axb4 23. axb4 Qf6 24. Kg2 Nc7 25. Ne5 Nb5 26. f4 h5 27. h3 Bh6 28. g4
Nxc3 29. g5 Qf5 30. Qxc3 Ra2+ 31. Kg1 Bxg5 32. fxg5 Qxg5+ 33. Ng4 Rea8 34. Qf3
f5 35. Kh1 hxg4 0-1

[Event "IX Floripa Chess Open Fort Atacadista"]
[Site "Florianópolis - Santa Catari"]
[Date "2023.01.24"]
[Round "2.39"]
[White "Calsing, Ado"]
[Black "Rodriguez, Mathias"]
[Result "1-0"]
[WhiteElo "1863"]
[BlackElo "2207"]
[PlyCount "91"]
[EventDate "2023.01.23"]
[EventRounds "10"]
[EventCountry "BRA"]

1. d4 Nf6 2. c4 g6 3. Nc3 Bg7 4. e4 d6 5. f3 O-O 6. Be3 e5 7. d5 Nh5 8. Qd2 f5
9. O-O-O Nd7 10. Bd3 Nc5 11. Bc2 a6 12. Nge2 b5 13. b4 Nd7 14. c5 Ndf6 15. c6
a5 16. a3 axb4 17. axb4 fxe4 18. Nxe4 Bf5 19. N2c3 Nxe4 20. fxe4 Bg4 21. Rde1
Nf4 22. Kb2 Qe7 23. Ra1 Rfb8 24. Rxa8 Rxa8 25. Ra1 Rxa1 26. Kxa1 Qf8 27. Kb2
Nh5 28. Qf2 Nf6 29. h3 Bc8 30. Nxb5 Qd8 31. Bg5 Kf7 32. g4 h6 33. Bxf6 Bxf6 34.
Qa7 h5 35. Bd1 hxg4 36. hxg4 Be7 37. Qxc7 Qxc7 38. Nxc7 Bh4 39. b5 Bf2 40. Na8
Ke7 41. b6 Kd8 42. b7 Bxb7 43. cxb7 Ba7 44. g5 Bb8 45. Kc3 Ba7 46. Kc4 1-0

[Event "IX Floripa Chess Open Fort Atacadista"]
[Site "Florianópolis - Santa Catari"]
[Date "2023.01.24"]
[Round "2.40"]
[White "Do Valle Cardoso, Lucas"]
[Black "Barbosa, Flavio Novais"]
[Result "1-0"]
[WhiteElo "2206"]
[BlackElo "1863"]
[PlyCount "57"]
[EventDate "2023.01.23"]
[EventRounds "10"]
[EventCountry "BRA"]

1. e4 e6 2. d4 d5 3. Nc3 Nf6 4. e5 Nfd7 5. f4 c5 6. Nf3 Nc6 7. Be3 Be7 8. Qd2
b6 9. Nd1 O-O 10. Nf2 f6 11. exf6 Bxf6 12. O-O-O c4 13. g4 b5 14. g5 Be7 15.
Ng4 b4 16. Qg2 Bd6 17. g6 Bxf4 18. gxh7+ Kh8 19. Rg1 Qe7 20. Bxf4 Rxf4 21. Qg3
Rf7 22. Kb1 Nf8 23. Nh6 Rf6 24. Ng8 Rxf3 25. Qxf3 Qe8 26. Qg3 Qf7 27. Nh6 gxh6
28. Qg8+ Qxg8 29. hxg8=Q# 1-0

[Event "IX Floripa Chess Open Fort Atacadista"]
[Site "Florianópolis - Santa Catari"]
[Date "2023.01.24"]
[Round "2.41"]
[White "Guimaraes, Wagner Peixoto"]
[Black "Bitencourt, Evandro Jose Dos S"]
[Result "1-0"]
[WhiteElo "2199"]
[BlackElo "1859"]
[PlyCount "105"]
[EventDate "2023.01.23"]
[EventRounds "10"]
[EventCountry "BRA"]

1. Nf3 Nf6 2. d4 e6 3. g3 b6 4. Bg2 Bb7 5. O-O Be7 6. c4 O-O 7. Nc3 c5 8. d5
exd5 9. Nh4 Re8 10. Nf5 Bf8 11. Ne3 Nc6 12. Nexd5 Nxd5 13. Nxd5 d6 14. e3 Rb8
15. b3 Ne7 16. Bb2 Nxd5 17. Bxd5 Bxd5 18. Qxd5 Qe7 19. Rad1 Qe4 20. Rfe1 Qxd5
21. Rxd5 b5 22. cxb5 Rxb5 23. Bc3 Ra8 24. b4 Rb7 25. bxc5 dxc5 26. Red1 f6 27.
Rd7 Rab8 28. Kg2 Be7 29. f4 Kf8 30. e4 Ke8 31. R7d5 Rd8 32. h4 Rxd5 33. exd5
Kd7 34. h5 Kd6 35. Kf3 Rb6 36. Re1 Kd7 37. Kg4 Ra6 38. Re2 Ra3 39. Be1 Rd3 40.
Rb2 Kc8 41. Kf5 Re3 42. Bf2 Rd3 43. Ke6 Bf8 44. Rc2 Kd8 45. Kf7 Bd6 46. Kxg7
Rxd5 47. h6 Rh5 48. g4 Rh2 49. Rd2 Ke7 50. g5 fxg5 51. fxg5 Rg2 52. Kxh7 c4 53.
g6 1-0

[Event "IX Floripa Chess Open Fort Atacadista"]
[Site "Florianópolis - Santa Catari"]
[Date "2023.01.24"]
[Round "2.42"]
[White "Trombini, Fabio"]
[Black "Melian, Juan Sebastian"]
[Result "0-1"]
[WhiteElo "1861"]
[BlackElo "2197"]
[PlyCount "48"]
[EventDate "2023.01.23"]
[EventRounds "10"]
[EventCountry "BRA"]

1. b3 c5 2. e3 Nc6 3. Bb2 d6 4. d4 e6 5. Nf3 Nf6 6. c4 Be7 7. Nc3 O-O 8. Be2
cxd4 9. Nxd4 Qc7 10. O-O a6 11. Nxc6 bxc6 12. Qc2 e5 13. Rac1 Be6 14. Rfd1 Ne8
15. Qb1 Kh8 16. Nd5 cxd5 17. cxd5 Qb7 18. dxe6 fxe6 19. Bf3 Rxf3 20. gxf3 Qxf3
21. Qd3 Nf6 22. Qf1 Rf8 23. Rc2 Qg4+ 24. Kh1 Qe4+ 0-1

[Event "IX Floripa Chess Open Fort Atacadista"]
[Site "Florianópolis - Santa Catari"]
[Date "2023.01.24"]
[Round "2.43"]
[White "Silva, Kaua Marques"]
[Black "Cardozo, Matheus Santos"]
[Result "1-0"]
[WhiteElo "2196"]
[BlackElo "1856"]
[PlyCount "51"]
[EventDate "2023.01.23"]
[EventRounds "10"]
[EventCountry "BRA"]

1. e4 c6 2. Nc3 d5 3. Nf3 dxe4 4. Nxe4 Nd7 5. Bc4 Ngf6 6. Qe2 Nxe4 7. Qxe4 Nf6
8. Ne5 e6 9. Qe2 Bd6 10. O-O O-O 11. Re1 Qc7 12. b3 b6 13. Bb2 Bb7 14. Ng4 Nd5
15. Bxd5 cxd5 16. Nf6+ Kh8 17. Nxh7 Kxh7 18. Qh5+ Kg8 19. Bxg7 Kxg7 20. Qg5+
Kh7 21. Re3 Bxh2+ 22. Kf1 Ba6+ 23. c4 Bg3 24. Ke2 Bxc4+ 25. d3 Bxd3+ 26. Kxd3
1-0

[Event "IX Floripa Chess Open Fort Atacadista"]
[Site "Florianópolis - Santa Catari"]
[Date "2023.01.24"]
[Round "2.44"]
[White "Pimenta, Elisandro Da Silva"]
[Black "Nemeth Junior, Henrique"]
[Result "0-1"]
[WhiteElo "1855"]
[BlackElo "2193"]
[PlyCount "78"]
[EventDate "2023.01.23"]
[EventRounds "10"]
[EventCountry "BRA"]

1. b3 e5 2. Bb2 Nc6 3. e3 Nf6 4. Nf3 e4 5. Nd4 Nxd4 6. Bxd4 c5 7. Bb2 Be7 8. d3
exd3 9. Bxd3 O-O 10. O-O d5 11. h3 Be6 12. Nd2 Rc8 13. c4 dxc4 14. Bxc4 Qb6 15.
Qe2 Bxc4 16. Qxc4 Qc6 17. Rac1 Rfd8 18. Rfd1 b5 19. Qc2 Rd5 20. Nf3 Rh5 21. Nd4
Qd7 22. Ne2 Qb7 23. Ng3 Rg5 24. Kh2 Nh5 25. Qe4 Qc7 26. Rd5 Nxg3 27. fxg3 Qxg3+
28. Kg1 Rxd5 29. Qxd5 Qxe3+ 30. Kh1 Rd8 31. Qb7 Bd6 32. Rf1 Rf8 33. Qxb5 Qg3
34. Kg1 Qh2+ 35. Kf2 Bg3+ 36. Kf3 Bh4 37. Qc6 Qg3+ 38. Ke2 Bg5 39. Bc1 Qe5+ 0-1

[Event "IX Floripa Chess Open Fort Atacadista"]
[Site "Florianópolis - Santa Catari"]
[Date "2023.01.24"]
[Round "2.45"]
[White "De Borba, Gabriel"]
[Black "Moritz, Diego Homrich"]
[Result "1-0"]
[WhiteElo "2191"]
[BlackElo "1854"]
[PlyCount "59"]
[EventDate "2023.01.23"]
[EventRounds "10"]
[EventCountry "BRA"]

1. e4 d6 2. d4 a6 3. a4 b6 4. Nc3 e6 5. Nf3 Nd7 6. Bc4 h6 7. O-O Ne7 8. Qe2 g6
9. h4 Bg7 10. Bf4 O-O 11. Rad1 Bb7 12. Rfe1 Re8 13. Qd2 Kh7 14. h5 gxh5 15. e5
Bxf3 16. Qd3+ Ng6 17. Qxf3 d5 18. Nxd5 exd5 19. Bxd5 Nxf4 20. Qxf4 Rb8 21. Bxf7
Rf8 22. Qe4+ Kh8 23. Bc4 Re8 24. Bd3 Nf8 25. Bxa6 Qg5 26. f4 Qe7 27. Bb5 Nd7
28. Qg6 h4 29. f5 Nf8 30. Qh5 1-0